000
00491nam a2200181Ia 4500
008
090124s9999 xx 000 0 und d
082
_b
26851
_a
1753
100
_a
खरे नंदा
245
_a
वीसशे पन्नास
250
_a
1
260
_c
1993
300
_a
147
600
_a
खरे नंदा
630
_a
वीसशे पन्नास
700
_a
खरे नंदा
730
_a
वीसशे पन्नास
942
_c
BOOK
999
_c
140323
_d
140323